000 00633nam a22002057a 4500
003 MUT
005 20240606081412.0
008 180625b xxu||||| |||| 00| 0 eng d
020 _a9780131740402
040 _cMUT
050 _aHF 5415.32
_b.S64 2008
100 _aSolomon, Michael R.
245 _aConsumer behaviour :
_bbuying, having, and being /
250 _a4rth Canadian ed.
260 _aToronto
_bPearson
_cc2008
650 _aConsumer behaviour
_vTextbooks.
700 _aZaichkowsky, Judith Lynne.
700 _aPolegato, Rosemary.
942 _2lcc
_cBK
999 _c17229
_d17229